<?xml version="1.0" encoding="UTF-8"?>
<record
    xmlns:xsi="http://www.w3.org/2001/XMLSchema-instance"
    xsi:schemaLocation="http://www.loc.gov/MARC21/slim http://www.loc.gov/standards/marcxml/schema/MARC21slim.xsd"
    xmlns="http://www.loc.gov/MARC21/slim">

  <leader>01197njm a2200277 u 4500</leader>
  <controlfield tag="001">661525</controlfield>
  <controlfield tag="005">20260506091319.0</controlfield>
  <controlfield tag="008">010503s1987                        spa  </controlfield>
  <datafield tag="035" ind1=" " ind2=" ">
    <subfield code="a">661525</subfield>
  </datafield>
  <datafield tag="040" ind1=" " ind2=" ">
    <subfield code="c">comduadb</subfield>
  </datafield>
  <datafield tag="041" ind1=" " ind2=" ">
    <subfield code="a">spa</subfield>
  </datafield>
  <datafield tag="080" ind1=" " ind2=" ">
    <subfield code="a">CAS/MP</subfield>
  </datafield>
  <datafield tag="111" ind1="1" ind2="0">
    <subfield code="a">Ni&#xF1;o, Jairo Anibal,</subfield>
    <subfield code="d">1941-2010</subfield>
    <subfield code="4">aut</subfield>
    <subfield code="0">(isni)0000 0001 1478 6022</subfield>
    <subfield code="0">(viaf)100240086</subfield>
    <subfield code="e">aut</subfield>
  </datafield>
  <datafield tag="245" ind1="1" ind2="3">
    <subfield code="a">El cine y la literatura infantil</subfield>
  </datafield>
  <datafield tag="260" ind1=" " ind2=" ">
    <subfield code="a">Medell&#xED;n :</subfield>
    <subfield code="b">Universidad de Antioquia, Departamento de Extension Cultural,</subfield>
    <subfield code="c">1987.</subfield>
  </datafield>
  <datafield tag="300" ind1=" " ind2=" ">
    <subfield code="a">1 casete  ( 65 min., 33 seg. ) : monof&#xF3;nico</subfield>
  </datafield>
  <datafield tag="490" ind1="0" ind2=" ">
    <subfield code="a">Martes del Paraninfo ;</subfield>
    <subfield code="v">29, septiembre, 1987</subfield>
  </datafield>
  <datafield tag="500" ind1=" " ind2=" ">
    <subfield code="a">Disponible tambi&#xE9;n en cinta magnetof&#xF3;nica y formato digital.</subfield>
  </datafield>
  <datafield tag="520" ind1="3" ind2=" ">
    <subfield code="a">An&#xE1;lisis de los principios de la literatura infantil, las ventajas que esta tiene sobre cualquier otro arte y la influencia que ejerce en la personalidad del ni&#xF1;o; el escritor Jairo An&#xED;bal Ni&#xF1;o lee algunos de sus poemas y guiones de cine</subfield>
  </datafield>
  <datafield tag="650" ind1=" " ind2="7">
    <subfield code="a">Literatura infantil</subfield>
    <subfield code="2">lemb</subfield>
    <subfield code="9">32137</subfield>
  </datafield>
  <datafield tag="650" ind1=" " ind2=" ">
    <subfield code="a">Ni&#xF1;o, Jairo Anibal</subfield>
    <subfield code="9">9766</subfield>
  </datafield>
  <datafield tag="650" ind1=" " ind2=" ">
    <subfield code="a">Poemas</subfield>
    <subfield code="9">34518</subfield>
  </datafield>
  <datafield tag="650" ind1=" " ind2="7">
    <subfield code="a">Guiones cinematogr&#xE1;ficos</subfield>
    <subfield code="2">lemb</subfield>
    <subfield code="9">43613</subfield>
  </datafield>
  <datafield tag="711" ind1="1" ind2="0">
    <subfield code="a">Pikouch, Natalia</subfield>
    <subfield code="4">aut</subfield>
    <subfield code="e">aut</subfield>
  </datafield>
  <datafield tag="942" ind1=" " ind2=" ">
    <subfield code="c">BOOK</subfield>
  </datafield>
  <datafield tag="999" ind1=" " ind2=" ">
    <subfield code="c">202242</subfield>
    <subfield code="d">202242</subfield>
  </datafield>
  <datafield tag="952" ind1=" " ind2=" ">
    <subfield code="0">0</subfield>
    <subfield code="1">0</subfield>
    <subfield code="4">0</subfield>
    <subfield code="7">0</subfield>
    <subfield code="a">ECUDA</subfield>
    <subfield code="b">ECUDA</subfield>
    <subfield code="d">2001-05-03</subfield>
    <subfield code="i">C679285</subfield>
    <subfield code="l">0</subfield>
    <subfield code="o">CAS/MP/00448/1987</subfield>
    <subfield code="r">2023-04-23 00:00:00</subfield>
    <subfield code="t">1</subfield>
    <subfield code="w">2023-04-23</subfield>
    <subfield code="y">BOOK</subfield>
  </datafield>
</record>
